| 000 | 00459nam a2200193 a 4500 | ||
|---|---|---|---|
| 001 | 1757333385167 | ||
| 003 | ACL | ||
| 005 | 20250908174142.0 | ||
| 008 | 250908s1990##################000#0#eng## | ||
| 020 | _a9780486265346 | ||
| 082 | 0 | 4 |
_a783.442 _bFAU |
| 100 | 1 |
_aFauré, Gabriel, _eauthor. |
|
| 245 | 1 | 0 | _aSixty Songs : |
| 260 |
_bCourier Corporation, _c1990. |
||
| 300 | _a287 pages | ||
| 650 | 0 | _aMusic. | |
| 942 | _cENGLISH | ||
| 040 |
_aACL _beng _cACL |
||
| 999 |
_c585909 _d585909 |
||